|
|
|
|
| LEADER |
01054nam a22003012a 4500 |
| 001 |
001365724 |
| 003 |
CZ BrMZK |
| 005 |
20140210102933.0 |
| 007 |
ta |
| 008 |
140210s1963 xr er|||||||||||eng d |
| 015 |
|
|
|a cnb000519959
|
| 035 |
|
|
|a (OCoLC)85344318
|
| 040 |
|
|
|a ABA001
|b cze
|c HKA001
|d ABA001
|d BOA001
|
| 041 |
1 |
|
|a eng
|h cze
|
| 080 |
9 |
|
|a 547.455(021)=2
|
| 245 |
0 |
4 |
|a The monosaccharides /
|c Jaroslav Staněk .. [et al.] ; scientific editor Ivan Ernest, Jaromír Hebký
|
| 260 |
|
|
|a Prague :
|b Publication House of the Czechoslovak Academy of Sciences,
|c 1963
|
| 300 |
|
|
|a 1006 s. ;
|c 25 cm
|
| 500 |
|
|
|a Přeloženo z češtiny
|
| 504 |
|
|
|a Obsahuje bibliografii a rejstřík
|
| 700 |
1 |
|
|a Staněk, Jaroslav,
|d 1919-2003
|7 jk01120837
|4 aut
|
| 700 |
1 |
|
|a Ernest, Ivan,
|d 1922-2003
|7 jk01030567
|4 edt
|
| 700 |
1 |
|
|a Hebký, Jaromír,
|d -1997
|7 xx0127792
|4 edt
|
| 765 |
0 |
|
|t Monosacharidy
|9 Anglicky
|
| 910 |
|
|
|a BOA001
|b 2-0502.598
|
| 990 |
|
|
|a BK
|
| 991 |
|
|
|b 201401
|
| 996 |
6 |
|
|b 2619675594
|c 2-0502.598
|l HP2
|r DEN
|n 1
|w 001400469
|u 000010
|a 1
|e BOA001
|j MZK50
|s P
|